Normal view
MARC view
- Urdu Adab-Sultan bahu ka kalam aur urdu translation
Entry Topical Term
001 - CONTROL NUMBER
- control field: 90522
003 - CONTROL NUMBER IDENTIFIER
- control field: NUST
005 - DATE AND TIME OF LATEST TRANSACTION
- control field: 20220309112119.0
008 - FIXED-LENGTH DATA ELEMENTS
- fixed length control field: 220309|| aca||aabn | a|a d
040 ## - CATALOGING SOURCE
- Original cataloging agency: NUST
- Transcribing agency: NUST
150 ## - HEADING--TOPICAL TERM
- Topical term or geographic name entry element: Urdu Adab-Sultan bahu ka kalam aur urdu translation
670 ## - SOURCE DATA FOUND
- Source citation: Work cat.: (NUST)587592: Masood Quershi 88355, Aks Bahu: , 2002.
